Представление документа в формате RUSMARC

ПолеНазваниеЗначение
  Тип записи c
  Библиографический уровень m
001 Контрольный номер UONB/MAIN/03854db0775a4bee8f11caf203516c71
005 Дата корректировки 20260515105925.5
010 Индекс ISBN __
9 Тираж 100 экз.
013 Номер (ISMN) __
a Номер (ISMN) 979-0-6603877-0-2
b Уточнения в пер.
100 Данные общей обработки __
a Данные общей обработки 20260515d 0rusy0189## ca
101 Язык документа 0_
a Язык текста rus
102 Страна публикации __
a Страна публикации RU
200 Заглавие и сведения об ответственности 1_
a Заглавие Музыкальные произведения и обработки для баяна или аккордеона
f Первые сведения об ответственности Архипов Николай Григорьевич
203 Вид содержания и тип средства __
a Вид содержания Музыка
b Характеристика содержания знаковая
c Тип средства непосредственная
210 Выходные данные 1_
a Место издания Уфа
c Издательство Самрау
d Дата издания 2025
215 Физическое описание __
a Объем 215 с.
d Формат 30 см
316 Примечания об особенностях экземпляра __
x Типология владельческих признаков Дарственная надпись
x Типология владельческих признаков Автограф
y Дата 02.04.2026
9 Инвентарный номер н90659
686 Индексы других классификаций __
a Классификационный индекс 85
2 Код системы rubbk
700 Автор _1
a Фамилия Архипов
b Имя (инициалы) Н. Г.
g Полное личное имя Николай Григорьевич
801 Источник записи _0
a Страна RU
b Организация Ульяновская ОНБ
c Дата составления 20260515
g Правила каталогизации RCR
801 Источник записи _1
a Страна RU
b Организация Ульяновская ОНБ
c Дата составления 20260515
g Правила каталогизации RCR
900 Электронные ресурсы __
a Имя электронного ресурса ск20250056
900 Электронные ресурсы __
a Имя электронного ресурса ск20250057
901 Тип документа __
t Тип документа m
909 Создатель записи __
a Создатель записи Цуканова
b Дата создания записи 20260515
935 Информация о редкой книге __
a Статус редкой книги РК